|
|
|
|
| LEADER |
00000nam a2900000 4500 |
| 001 |
000020921 |
| 005 |
20061219222200.0 |
| 008 |
971103s1975 000 spa d |
| 020 |
|
|
|a 9684528949
|
| 050 |
|
4 |
|a AC75 S3
|b n.305
|
| 090 |
|
|
|a AC75 S3
|b n.305
|
| 100 |
1 |
|
|a Gallegos, Rómulo
|d 1884-1969
|
| 245 |
1 |
0 |
|a Doña Bárbara /
|c Rómulo Gallegos ; pról. Ignacio Díaz Ruíz.
|
| 260 |
|
|
|a México :
|b Porrúa,
|c 1975.
|
| 300 |
|
|
|a 178 p.
|
| 440 |
|
0 |
|a "Sepan Cuantos ..." ;
|v 305
|
| 700 |
1 |
|
|a Díaz Ruíz, Ignacio;
|e pról.
|
| 905 |
|
|
|a LIBROS
|
| 902 |
|
|
|a Laura M. Hermenegildo C.
|
| 949 |
|
|
|a Biblioteca UAM Iztapalapa
|b Colección General
|c AC75 S3 n.305
|